000 00502nam a2200205Ia 4500
008 240510s9999 xx 000 0 und d
020 _a007059127X
041 _aEng
082 _a657
082 _bI12
100 _aICERMAN, Joe D., Williams, Paul F.
245 0 _aStudy guide : Accounting principles - Smith, Keith and Stephens
250 _a2nd ed.
260 _bNew York : McGraw - Hill
260 _c1986
300 _a244 p.
650 _aAccounting
942 _2ddc
942 _cLBK
999 _c24477
_d24477
945 _a1
_bMadushi Gamage
_c1
_dMadushi Gamage